Diagnóstico de infraestructura escolar e institucional de un municipio del departamento de Madriz y un municipio de la región autónoma del Atlántico Sur
Presenta un proyecto de identificación necesidades integrales de infraestructura escolar e institucional en los municipios de San Juan de Rio Coco en el departamento de Madriz y Kukra Hill de la RAAS.
| Main Author: | |
|---|---|
| Other Authors: | |
| Format: | Tesis Section = Libro |
| Language: | Undetermined Spanish |
| Published: |
Managua
UNI
2008
|
| Subjects: |
| LEADER | 01102nam a2200241Ia 4500 | ||
|---|---|---|---|
| 008 | 240830s9999 xx 000 0 und d | ||
| 040 | |a BIBLIOTECA-RUSB/ Mon 727 R934 | ||
| 041 | |a spa | ||
| 082 | |a Mon 727 R934 | ||
| 100 | 1 | |a Ruíz Ortíz, David Esaú | |
| 245 | 1 | 0 | |a Diagnóstico de infraestructura escolar e institucional de un municipio del departamento de Madriz y un municipio de la región autónoma del Atlántico Sur |
| 260 | |a Managua |b UNI |c 2008 | ||
| 300 | |a 83 p. :il. | ||
| 500 | |a Contiene: anexos. | ||
| 502 | |a Tesis (Arquitecto) - UNI, 2008. | ||
| 520 | 3 | |a Presenta un proyecto de identificación necesidades integrales de infraestructura escolar e institucional en los municipios de San Juan de Rio Coco en el departamento de Madriz y Kukra Hill de la RAAS. | |
| 650 | 7 | |a DIAGNÓSTICO - INFRAESTRUCTURA ESCOLAR | |
| 650 | 7 | |b LEVANTAMIENTO DE PLANTA FISICA -ESTABLECIMIENTOS ESCOLARES - AUTOCAD | |
| 650 | 7 | |c SISTEMA DE POSICIONAMIENTO GLOBAL (GPS) - MAPA ESCOLAR PINRE | |
| 700 | 1 | |a Tutor: |b Chávez Mairena, Luis Eduardo | |
| 942 | |c BK |2 ddc | ||
| 991 | |a TESIS | ||
| 999 | |c 21369 | ||